| 000 | 00892nam a22002057a 4500 | ||
|---|---|---|---|
| 999 |
_c9127 _d9127 |
||
| 003 | AR-CdUCM | ||
| 008 | 190327b ||||| |||| 00| 0 spa d | ||
| 040 |
_aMUNICIPALIDAD PROVINCIAL DEL CUSCO _cBIBLIOTECA MUNICIPAL DEL CUSCO |
||
| 082 |
_22ed. _a153.909 / _bP75 |
||
| 100 |
_aPollitt, Ernesto _924890 |
||
| 245 | _aDesnutrición, pobreza e inteligencia / | ||
| 260 |
_aLima : _bUniversitaria, _c2007. |
||
| 300 |
_a131 páginas ; _c21 cm.. |
||
| 505 | _aDesarrollo mental y motor de niños peruanos tratados de desnutrición severa -- Ecología desnutrición y desarrollo mental -- Correlatos biológicos y sociales de la talla en niños de las barriadas de Lima -- Desnutrición, antecedentes bio-sociales y desarrollo cognoscitivo... | ||
| 650 |
_aPsicología. _91538 |
||
| 650 |
_aDesnutrición. _925146 |
||
| 650 |
_aDesarrollo infantil. _925147 |
||
| 942 |
_2ddc _cLIBROS |
||
| 945 | _awfj | ||